000 nam a22 7a 4500
999 _c15237
_d15237
005 20200603100443.0
008 200603b xxu||||| |||| 00| 0 eng d
040 _chsg,j
050 _aBX1756.R56P56
082 _aBX1756.R56P56
100 _aJoseph Owenss
245 _aA Prophetic Bishop speaks to his people
_bthe complete homilies of archbishops oscar arnufo Romero
260 _aMiami
_bConvivium press
_c2016
300 _a606,p.
942 _2lcc
_cOS
_hBX1756.R56P56